Т. 124, кн. 10: [сборник]; Ученые записки Казанского университета

Detaylı Bibliyografya
Parent link:Ученые записки Казанского университета: [сборник научных трудов]/ Казанский государственный университет (КГУ). Т. 124, кн. 10.— , 1909-
Diğer Yazarlar: Ливанов Н. А. (редактор)
Dil:Rusça
Baskı/Yayın Bilgisi: 1965
Seri Bilgileri:Труды Общества естествоиспытателей при Казанском университете Т. 67
Konular:
Materyal Türü: Kitap
KOHA link:https://koha.lib.tpu.ru/cgi-bin/koha/opac-detail.pl?biblionumber=113346

MARC

LEADER 00000nam2a2200000 4500
001 113346
005 20231101215123.0
035 |a (RuTPU)RU\TPU\book\122588 
035 |a RU\TPU\book\365463 
090 |a 113346 
100 |a 20171206d1965 k y0rusy50 ca 
101 0 |a rus 
102 |a RU 
105 |a a z 001zy 
200 0 |a Т. 124, кн. 10  |e [сборник]  |f под ред. Н. А. Ливанова 
210 |d 1965 
215 |a 226 с.  |c ил. 
225 1 |a Труды Общества естествоиспытателей при Казанском университете  |v Т. 67 
320 |a Библиогр. в конце ст. 
461 1 |0 (RuTPU)RU\TPU\book\283219  |t Ученые записки Казанского университета  |o [сборник научных трудов]  |f Казанский государственный университет (КГУ)  |v Т. 124, кн. 10  |d 1909-  
606 1 |a Естествознание  |2 stltpush  |3 (RuTPU)RU\TPU\subj\68178  |9 83661 
610 1 |a Татария 
610 1 |a Казань 
610 1 |a плиоценовые отложения 
610 1 |a картирование 
610 1 |a карстовые породы 
610 1 |a минералогия 
610 1 |a фауна 
610 1 |a подземные воды 
610 1 |a Западно-Сибирская низменность 
610 1 |a Байкал 
675 |a 50  |v 4 
702 1 |a Ливанов  |b Н. А.  |4 340 
801 1 |a RU  |b 63413507  |c 20070410  |g PSBO 
801 2 |a RU  |b 63413507  |c 20180125  |g PSBO 
942 |c BK